000 00331nam a2200145Ia 4500
005 20250323120434.0
008 240331s9999 xx 000 0 und d
082 _bMoh
_a894
100 _aMohan, C
245 0 _aNadai vazhik kuripuhal
260 _aKumbakonam
_bAkaram
_c2000
300 _a120 p .,
650 _aEssays
942 _cL
999 _c4070
_d4070